000 00980nam a22003017a 4500
001 BR8204270
003 BR-BrBNA
005 20230928091414.0
007 ta
008 230509b bl.||||| |||| 00| 0 por d
040 _aBR-BrBNA
_bpor
_cBiblioteca Nacional de Agricultura
041 _a(Por)
072 _aF00
_b0120
_b/G514
090 _ 0120 BR8204270
110 1 _aInstituto de Pesquisas Agronomicas, Porto Alegre, RS (Brasil);
_96134
110 1 _aEmpresa de Assistencia Tecnica e Extensao Rural do Rio Grande do Sul, Porto Alegre (Brasil)
111 1 _a27. Reuniao Tecnica Anual do Milho
_cPorto Alegre, RS (Brazil)
_d17 Aug 1982
245 1 _aAta da 27. Reuniao Tecnica Anual do Milho [Zea mays, Brasil]
260 3 _aPorto Alegre, RS (Brasil):
_c1982.
300 _a235 p.
650 _aMILHO
650 _aPRATICA CULTURAL
650 _aVARIEDADE
650 _aDEFESA VEGETAL
650 _aADUBACAO
909 _a202309
_bLucia
_c55
_dLucia Elande
942 _cBK
999 _c33728
_d33728